000 00792cam a2200265 a 4500
001 76554
003 BD-RjUL
005 20211209082847.0
008 191219s1940 nyuae 001 0 eng d
035 _a(BD-RjUL)76778
035 _a237850
040 _aVDU
_beng
_cVDU
041 _aeng
082 0 4 _a720.9
_221
_bHAA 1940
100 1 _aHamlin, Talbot,
_d1889-1956.
_9236667
245 1 0 _aArchitecture through the ages /
_cby Talbot Hamlin.
260 _aNew York :
_bPutnam,
_cc1940.
300 _axlvii, 680 p., [90] p. of plates :
_bill., plans ;
_c24 cm.
500 _aIncludes illustration references.
504 _aIncludes bibliographical references and index.
650 0 _aArchitecture
_xHistory.
_9236668
942 _2ddc
_cBK
999 _c76554
_d76554